| 000 | 00646nam a2200205 i 4500 | ||
|---|---|---|---|
| 001 | 108302 | ||
| 003 | ES-MaACL | ||
| 005 | 20250730063449.0 | ||
| 007 | t| | ||
| 008 | 061121s1971 mx r ||||1| spa d | ||
| 100 | 1 |
_aMonterde, Francisco. _982467 |
|
| 245 | 1 | 0 |
_aMoctezuma, el de la silla de oro / _cFrancisco Monterde ; prólogo del Dr. Miguel León Portilla. |
| 250 | _aEd. facs. | ||
| 260 |
_aMéxico : _bLetras, _c1971. |
||
| 300 |
_aV, 111 p. : _bil ; _c23 cm. |
||
| 600 | 0 | 4 |
_aMoctezuma II _cEmperador de México. _981746 |
| 700 | 1 |
_aLeón-Portilla, Miguel _971637 |
|
| 852 |
_aES-MaACL _jE-9455 _bR.94163 |
||
| 999 |
_c108302 _d108302 |
||